Operations management / (Record no. 21531)
[ view plain ]
| 000 -LEADER | |
|---|---|
| fixed length control field | 01144nam a22003255i 4500 |
| 003 - CONTROL NUMBER IDENTIFIER | |
| control field | EG-ScBUE |
| 005 - DATE AND TIME OF LATEST TRANSACTION | |
| control field | 20201128023710.0 |
| 008 - FIXED-LENGTH DATA ELEMENTS--GENERAL INFORMATION | |
| fixed length control field | 160328t20142014enka f b 001 0 eng d |
| 020 ## - INTERNATIONAL STANDARD BOOK NUMBER | |
| International Standard Book Number | 9780077169527 |
| 020 ## - INTERNATIONAL STANDARD BOOK NUMBER | |
| International Standard Book Number | 0077169522 |
| 040 ## - CATALOGING SOURCE | |
| Original cataloging agency | EG-ScBUE |
| Description conventions | rda |
| Language of cataloging | eng |
| Transcribing agency | EG-ScBUE |
| Modifying agency | EG-ScBUE |
| 082 04 - DEWEY DECIMAL CLASSIFICATION NUMBER | |
| Classification number | 658.5 |
| Item number | STE |
| Edition number | 22 |
| 100 1# - MAIN ENTRY--PERSONAL NAME | |
| Personal name | Stevenson, William J., |
| Relator term | author. |
| 9 (RLIN) | 3789 |
| 245 10 - TITLE STATEMENT | |
| Title | Operations management / |
| Statement of responsibility, etc | William J. Stevenson, Saunders College of Business, Rochester Institute of Technology. |
| 250 ## - EDITION STATEMENT | |
| Edition statement | Twelfth edition. |
| 250 ## - EDITION STATEMENT | |
| Edition statement | Global edition. |
| 264 #1 - PUBLICATION, DISTRIBUTION, ETC. (IMPRINT) | |
| Place of publication, distribution, etc | Maidenhead, Berkshire : |
| Name of publisher, distributor, etc | Mc-Hill Education, |
| Date of publication, distribution, etc | [2014] |
| 264 #4 - PUBLICATION, DISTRIBUTION, ETC. (IMPRINT) | |
| Date of publication, distribution, etc | c2014 |
| 300 ## - PHYSICAL DESCRIPTION | |
| Extent | xxxiv, 904 pages : |
| Other physical details | illustrations (col.) ; |
| Dimensions | 28 cm |
| 336 ## - CONTENT TYPE | |
| Content type term | text |
| Content type code | txt |
| Source | rdacontent |
| 337 ## - MEDIA TYPE | |
| Media type term | unmediated |
| Media type code | n |
| Source | rdamedia |
| 338 ## - CARRIER TYPE | |
| Carrier type term | volume |
| Carrier type code | nc |
| Source | rdacarrier |
| 490 0# - SERIES STATEMENT | |
| Series statement | McGraw-Hill series in operations and decision sciences |
| 500 ## - GENERAL NOTE | |
| General note | Includes appendix. |
| 504 ## - BIBLIOGRAPHY, ETC. NOTE | |
| Bibliography, etc | Includes bibliographical references and indexes. |
| 650 #7 - SUBJECT ADDED ENTRY--TOPICAL TERM | |
| Topical term or geographic name as entry element | Production management. |
| Source of heading or term | BUEsh |
| 9 (RLIN) | 1855 |
| 651 ## - SUBJECT ADDED ENTRY--GEOGRAPHIC NAME | |
| Source of heading or term | BUEsh |
| 653 ## - INDEX TERM--UNCONTROLLED | |
| Resource For college | BAEPS, Business Administration |
| Arrived date list | March2016 |
| -- | September2016 |
| 942 ## - ADDED ENTRY ELEMENTS (KOHA) | |
| Source of classification or shelving scheme | Dewey Decimal Classification |
| Koha item type | Book - Borrowing |
| Withdrawn status | Lost status | Source of classification or shelving scheme | Damaged status | Not for loan | Collection code | Home library | Current library | Shelving location | Date acquired | Source of acquisition | Cost, normal purchase price | Total Checkouts | Total Renewals | Full call number | Barcode | Date last seen | Date checked out | Cost, replacement price | Price effective from | Koha item type | Checked out |
|---|---|---|---|---|---|---|---|---|---|---|---|---|---|---|---|---|---|---|---|---|---|
| Dewey Decimal Classification | Alahram | Central Library | Central Library | First floor | 28/03/2016 | Purchase | 390.00 | 16 | 126 | 658.5 STE | 000032201 | 15/07/2025 | 18/12/2019 | 487.50 | 28/03/2016 | Book - Borrowing | |||||
| Dewey Decimal Classification | Baccah | Central Library | Central Library | First floor | 28/09/2016 | Purchase | 350.00 | 658.5 STE | 000033758 | 15/07/2025 | NB - Book (Non borrowing) | ||||||||||
| Dewey Decimal Classification | Baccah | Central Library | Central Library | First floor | 28/09/2016 | Purchase | 350.00 | 12 | 62 | 658.5 STE | 000033759 | 15/07/2025 | 16/11/2020 | Book - Borrowing | |||||||
| Dewey Decimal Classification | Baccah | Central Library | Central Library | First floor | 28/09/2016 | Purchase | 11 | 30 | 658.5 STE | 000033760 | 15/07/2025 | 22/11/2020 | 28/09/2016 | Book - Borrowing | |||||||
| Dewey Decimal Classification | Baccah | Central Library | Central Library | First floor | 28/09/2016 | Purchase | 17 | 48 | 658.5 STE | 000033761 | 15/07/2025 | 16/10/2021 | 28/09/2016 | Book - Borrowing | |||||||
| Dewey Decimal Classification | Baccah | Central Library | Central Library | First floor | 28/09/2016 | Purchase | 12 | 38 | 658.5 STE | 000033762 | 15/07/2025 | 22/11/2020 | 28/09/2016 | Book - Borrowing | |||||||
| Dewey Decimal Classification | Baccah | Central Library | Central Library | First floor | 28/09/2016 | Purchase | 2 | 9 | 658.5 STE | 000033763 | 21/08/2017 | 21/08/2017 | 28/09/2016 | Book - Borrowing | 23/12/2023 | ||||||
| Dewey Decimal Classification | Baccah | Central Library | Central Library | First floor | 28/09/2016 | Purchase | 3 | 11 | 658.5 STE | 000033764 | 15/07/2025 | 21/08/2017 | 28/09/2016 | Book - Borrowing | |||||||
| Dewey Decimal Classification | unknown | Central Library | Central Library | First floor | 19/12/2019 | Purchase | 3 | 38 | 658.5 STE | 000046729 | 15/07/2025 | 12/09/2022 | 19/12/2019 | Book - Borrowing |